Intriga internacional

Debido a un malentendido, a Roger O. Thornhill, un ejecutivo del mundo de la publicidad, unos espías lo confunden con un agente del gobierno llamado George Kaplan. Secuestrado por tres individuos y llevado a una mansión en la que es interrogado, consigue huir antes de que lo maten. Pero cuando al dí...

Descripción completa

Guardado en:
Autor Principal: Hitchcock, Alfred.
Autor Corporativo: Metro-Goldwyn-Mayer.
Otros Autores: Lehman, Ernest; Guion., Herrmann, Bernard; Música., Grant, Cary; Reparto., Saint, Eva Marie; Reparto.
Formato: Deslizar
Idioma:Undetermined
Publicado: Estados Unidos : Metro-Goldwyn-Mayer, 1959.
Materias:
Etiquetas: Agregar Etiqueta
Sin Etiquetas, Sea el primero en etiquetar este registro!
LEADER 01326ngm a22002535a 4500
001 CEM.cems020562
008 231012s1959####xx#---############vlund#d
005 20231012210820.0
245 1 0 |a Intriga internacional  |h [videograbación] /  |c Alfred Hitchcock. 
260 |a Estados Unidos :  |b Metro-Goldwyn-Mayer,  |c 1959. 
300 |a 136'. 
520 |a Debido a un malentendido, a Roger O. Thornhill, un ejecutivo del mundo de la publicidad, unos espías lo confunden con un agente del gobierno llamado George Kaplan. Secuestrado por tres individuos y llevado a una mansión en la que es interrogado, consigue huir antes de que lo maten. Pero cuando al día siguiente regresa a la casa acompañado de la policía, le espera una sorpresa. 
590 |a Identificación anterior: 239 
538 |a Soporte: DVD -- Formato: AVI – Peso: 866mb -- Resolución: 640 x 368 -- 23.98 fps 
500 |a Título original: North by Northwest -- Idioma: Inglés – Subtítulos: Español. 
100 1 |a Hitchcock, Alfred. 
710 2 |a Metro-Goldwyn-Mayer. 
700 1 |a Lehman, Ernest; Guion. 
700 1 |a Herrmann, Bernard; Música. 
700 1 |a Grant, Cary; Reparto. 
700 1 |a Saint, Eva Marie; Reparto. 
653 |a LARGOMETRAJE 
653 |a FICCIÓN 
859 |a CEMS  |b BIB. CEMS - Depto. Recursos Didacticos  |h 778.5  |i HIT-5  |k DRD  |p 3183.23  |t Ej.1